Rejected questions from Daily Trivia - Statistics

General Stats
  • This quiz has been taken 13 times
  • The average score is 8 of 17
Answer Stats
Question Answer % Correct
Quickly add 136 and 275. 411
89%
Which of these swords does not hail from Africa? Gupti
89%
Who among these was not a member of the First Triumvirate of Rome? Marcus Tullius Cicero
67%
Which of these dinosaurs did not live in the Jurassic? Tyrannosaurus rex
67%
In Latin, which of these cases is used for the direct object of a sentence? Accusative
56%
Which of the following Latin words can mean “girl”? Puella
56%
Which of the following words cannot mean “he/she/it says” in Latin. Spectat
56%
Give the scientific name of the western lowland gorilla. Gorilla gorilla gorilla
44%
Who slew the giant Caucus, according to the Aeneid? Hercules
44%
What did most early chordates notably lack? Jaws
44%
The Songhai empire succeeded this empire, thanks to Sonni Ali annexing Timbuktu in 1468. Mali
44%
Which of these is not a member of the plesiosaur order? Mosasaurus
44%
Which of these National parks is not in Utah? Yosemite
44%
Which of these sharks can be found in the Mediterranean Sea? Gulper Shark
22%
Give the IUCN status of the yellow throated toucan (Rhamphastos ambiguus). Near Threatened
22%
Which of these seals is the only member of the genus Ommatophoca? Ross Seal
22%
This Indonesian (specifically from Buru) martial art is fought with either one or two sticks. Fitimaen
11%
No matching quizzes found
Score Distribution
Percent of People with Each Score
Percentile by Number Answered
Your Score History
You have not taken this quiz